Alcoholic Drinks and the Raw Ingredients for Each - Statistics

General Stats
  • This quiz has been taken 5,064 times
    1,542 since last reset
  • The average score is 10 of 16
Answer Stats
Beverages Raw Ingredient % Correct
cider apple
93%
vodka (Poland) potato
87%
beer, whiskey, vodka, soju wheat
86%
wine, brandy, cognac, vermouth, pisco grape
85%
beer, sake, shochu (komejochu) rice
77%
beer, gin, Scotch/Irish whisky, shochu (mugijochu) barley
73%
tequila, mezcal agave
70%
mead honey
70%
beer (flavoring) hops
67%
rum sugarcane
65%
bourbon whiskey, moonshine, vodka corn
60%
gin (flavoring) juniper berry
49%
beer, whiskey, vodka rye
48%
sambuca, ouzo (flavoring) anise
44%
perry pear
44%
absinthe (flavoring) wormwood
19%
No matching quizzes found
Score Distribution
Percent of People with Each Score
Percentile by Number Answered
Your Score History
You have not taken this quiz since the last reset